| 000 | 01204nam a2200253Ia 4500 | ||
|---|---|---|---|
| 999 |
_c49617 _d49617 |
||
| 001 | 16549 | ||
| 003 | GE_BSU | ||
| 005 | 20250120172357.0 | ||
| 008 | 181216s1962||||ge |||||||||||||| ||geo|| | ||
| 040 | _cGE_BSU | ||
| 041 | _ageo | ||
| 080 | _a811.353.1-26 + 821.353.1 ჭ-83 | ||
| 100 |
_aჭუმბურიძე, ზ. _924078 |
||
| 245 |
_aსალიტერატურო ენა და მწერლობა / _cზ. ჭამპურიძე ; რედ. : ს. ჭილაია. |
||
| 264 |
_aთბილისი : _bსაბჭოთა მწერალი, _c1962. |
||
| 300 |
_a254 გვ. ; _c21 სმ |
||
| 504 | _aბიბლიოგრაფია შენიშვნებში | ||
| 541 | _h5ლ. | ||
| 653 | _aნარკვევები ქართულ სალიტერატურო ენასა და ქართულ მწერლობაზე | ||
| 653 | _aსალიტერატურო ენა და მწერლობა | ||
| 700 |
_aჭილაია, სერგი _eრედაქტორი _924079 |
||
| 700 |
_aჯანაშვილი, ირ. _eმხატვარი _93816 |
||
| 942 |
_cBK _2udc |
||